000 00302nam a22001337a 4500
008 170614b xxu||||| |||| 00| 0 eng d
020 _a9780521478069
041 _aeng
080 _a94
100 _a17
101 _aSHH
245 _aGLOBAL CHANCE, REGIONAL RESPONSE
_cSTALLINGS,B
942 _2udc
_cBK
999 _c17428
_d17428